Tapetenwechsel : roman /

Պահպանված է:
Մատենագիտական մանրամասներ
Հիմնական հեղինակ: Di Positano, Rico (Հեղինակ)
Ձևաչափ: Գիրք
Լեզու:գերմաներեն
Հրապարակվել է: Frankfurt : Bild+Druck GmbH, c1981
Ցուցիչներ: Ավելացրեք ցուցիչ
Չկան պիտակներ, Եղեք առաջինը, ով նշում է այս գրառումը!

MARC

LEADER 00000nam a22000007i 4500
001 IT\ICCU\UBO\3302685
003 ItRI
005 20260115232341.0
008 071017s1981 gw |||||| ||||| |||||c
040 |b ita  |c importazione bologna sebina 
041 7 |a ger  |2 ISO-639-2 
100 1 |a Di Positano, Rico  |0 IT\ICCU\UBOV\042089  |4 aut 
245 1 0 |a Tapetenwechsel :  |b roman /  |c Rico di Positano. 
260 |a Frankfurt :  |b Bild+Druck GmbH,  |c c1981 
300 |a 126 p. :  |b ill. ;  |c 21 cm. 
942 |2 ddc  |c BK  |n 0 
952 |0 0  |1 0  |4 0  |6 DOC_833_914000000000000_DIP  |7 0  |9 24634  |a BO  |b BO  |d 2026-01-15  |i 861  |l 0  |o DOC 833.914 DIP  |p BO861  |r 2026-01-15 23:23:41  |w 2026-01-15  |x [Sebina 5] [1 v.]  |y BK  |z 1 v. 
999 |c 20953  |d 20953